000 00708nam a2200241 a 4500
001 BRCA_3610
005 20190320204342.0
008 120809s1961----au a---###---#000-0#ger-#
041 _ager
044 _aau
050 4 _aN1677
_b.F55 1961
100 1 _aFillitz, Hermann
_99280
245 1 0 _aKatalog der Weltlichen und der Geistlichen Schatzkammer
_cvon Hermann Fillitz.
260 _aWien
_bKunsthistorisches Museum
_c1961
300 _a84 p.
_bil., 32 láminas
_c21 cm.
500 _aIncluye índice de autoras
500 _aB280
610 2 4 _aKunsthistorisches museum (Viena)
_99364
650 1 4 _aArte
_zViena
_99365
650 1 4 _aGalerias y Museos
_zAustria
_97952
902 _aGFM
942 _2lcc
_cB
999 _c3345
_d3345